Educación matemática: 7º año básico, texto para el profesor
Saved in:
| Main Authors: | , |
|---|---|
| Format: | Bog |
| Sprog: | spansk |
| Udgivet: |
Santiago
McGraw-Hill Interamericana
2002
|
| Fag: | |
| Tags: |
Tilføj Tag
Ingen Tags, Vær først til at tagge denne postø!
|
MARC
| LEADER | 00000nam a2200000 a 4500 | ||
|---|---|---|---|
| 001 | UCM8645 | ||
| 003 | CL-VaPUC | ||
| 008 | 030321e20020000CL |||||||||||||||||spa|d | ||
| 020 | |a 9562781275 | ||
| 082 | 0 | 4 | |a 372.7 |b COF |2 21 |
| 100 | 0 | |a Cofré Jorquera, Alicia |e author |9 474750 | |
| 700 | 0 | |a Russell C., Alicia |e author |9 474751 | |
| 245 | 1 | 0 | |a Educación matemática: 7º año básico, texto para el profesor |
| 300 | |a 192 p | ||
| 942 | |c BK | ||
| 945 | |d 20030321 00:00:00 |a cmena | ||
| 260 | |a Santiago |b McGraw-Hill Interamericana |c 2002 | ||
| 650 | 0 | |a Matemática |9 260235 | |
| 650 | 0 | |a Educación básica |9 224933 | |
| 650 | 0 | |a Matemáticas |x Enseñanza |9 875527 | |
| 650 | 0 | |a Métodos de enseñanza |9 270413 | |
| 583 | |a last modification |c 20170816 12:59:55 |k Rodrigo Vera | ||
| 999 | |c 303103 |d 303101 | ||
| 952 | |0 0 |1 0 |4 0 |6 372_700000000000000_COF_2002 |7 0 |8 A |9 364151 |a BIBEDU |b BIBEDU |d 2019-11-21 |i 388550K |o 372.7 COF 2002 |p 388550K |r 2019-11-21 |w 2019-11-21 |y BK |k EPE | ||
| 952 | |0 0 |1 0 |4 0 |6 372_700000000000000_COF_2002 |7 0 |8 A |9 364153 |a BIBMAT |b BIBMAT |c E_DIDACT |d 2019-11-21 |i 4053702 |o 372.7 COF 2002 |p 4053702 |r 2025-01-07 |w 2019-11-21 |y BK |k MAT | ||
| 952 | |0 0 |1 0 |4 0 |6 372_700000000000000_COF_2002 |7 0 |8 A |9 364157 |a BIBMAT |b BIBMAT |c E_DIDACT |d 2019-11-21 |i 4053745 |o 372.7 COF 2002 |p 4053745 |r 2025-01-07 |w 2019-11-21 |y BK |k MAT | ||